Princezna v exilu /

Hlavní autor: Bretton, Barbara, 1950-
Jazyk: Čeština
Vydáno: V Praze : Ikar, 2003
Vydání: 1. vyd.
Témata:
Externí odkaz: Digitalizovaný dokument
Fyzický popis: 238 s. ; 21 cm
Knihy
Uloženo v:
LEADER 01156nam a2200325 a 4500
001 000688644
003 CZ BrMZK
005 20070115070104.0
007 ta
008 030922s2003 xr g 000 f cze d
015 |a cnb001242701 
020 |a 80-249-0227-3  |q (váz.) 
035 |a (OCoLC)56864233 
040 |a BOA001  |b cze 
041 1 |a cze  |h eng 
072 7 |a 821.111(73)-3  |x Americká próza  |2 Konspekt  |9 25 
080 |a 821.111(73)-31  |2 MRF 
080 |a (0:82-312.5)  |2 MRF 
100 1 |a Bretton, Barbara,  |d 1950-  |7 xx0001914  |4 aut 
245 1 0 |a Princezna v exilu /  |c Barbara Brettonová ; [z anglického originálu přeložila Dana Lagronová] 
250 |a 1. vyd. 
260 |a V Praze :  |b Ikar,  |c 2003 
300 |a 238 s. ;  |c 21 cm 
655 7 |a americké romány  |7 fd131796  |2 czenas 
655 7 |a milostné romány  |7 fd132840  |2 czenas 
765 0 |t One and only  |9 Česky 
856 4 1 |u http://www.digitalniknihovna.cz/mzk/uuid/uuid:8085b460-02c0-11e4-9789-005056827e52  |y Digitalizovaný dokument  |x NDK 
910 |a BOA001  |b 2-1123.414 
990 |a BK 
996 6 |b 2610199535  |c 2-1123.414  |l MZK  |r Sklad / do 1 hodiny  |n 0  |p p.v.  |w 000688644  |u 000010  |a 1  |e BOA001  |j MZK50  |s P